[Event "Landesliga U20 Nord 1011"]
[Site "Bayern"]
[Date "2010.10.16"]
[Round "1.3"]
[White "Koch, Christian1111"]
[Black "Adermann, Mara"]
[Result "1/2-1/2"]
[WhiteElo "1481"]
[BlackElo "1734"]
[PlyCount "65"]
[EventDate "2010.10.16"]
[EventType "team-tourn"]
[EventRounds "7"]
[EventCountry "GER"]
[SourceTitle "EXT 2022"]
[Source "ChessBase"]
[SourceDate "2021.10.06"]
[SourceVersion "1"]
[SourceVersionDate "2021.10.06"]
[SourceQuality "1"]
[WhiteTeam "Hoechstadt SC U20"]
[BlackTeam "Kahl am Main U20"]
[WhiteTeamCountry "GER"]
[BlackTeamCountry "GER"]

1. e4 Nf6 2. Nc3 e5 3. Bc4 Bc5 4. Nf3 d6 5. h3 Nc6 6. d3 h6 7. Be3 Bb6 8. Qd2 Ne7 9. d4 exd4 10. Bxd4 Bxd4 11. Nxd4 Ng6 12. f4 Nh5 13. 0-0 0-0 14. Nce2 Qe7 15. Bd3 Nf6 16. Ng3 Nd7 17. Qe3 Nf6 18. Rae1 Re8 19. Qd2 Bd7 20. Nf3 Bc6 21. e5 dxe5 22. Bxg6 Qc5+ 23. Kh1 fxg6 24. Rxe5 Qf8 25. Qd3 Bxf3 26. Rxf3 Qf7 27. Qb3 b6 28. Rfe3 Qxb3 29. Rxe8+ Rxe8 30. Rxe8+ Nxe8 31. axb3 Nd6 32. Kg1 c5 33. Kf2 1/2-1/2

[Event "GER-chT Lands U20"]
[Site "Dresden"]
[Date "2008.11.14"]
[Round "2.7"]
[White "Adermann, Mara"]
[Black "Stroessner, Lena"]
[Result "0-1"]
[WhiteElo "1558"]
[BlackElo "1894"]
[PlyCount "62"]
[EventDate "2008.11.14"]
[EventType "team-swiss"]
[EventRounds "7"]
[EventCountry "GER"]
[SourceTitle "EXT 2010"]
[Source "ChessBase"]
[SourceDate "2010.11.25"]
[SourceVersion "1"]
[SourceVersionDate "2010.11.25"]
[SourceQuality "1"]
[WhiteTeam "Bayern Muenchen"]
[BlackTeam "Nordrhein Westfalen"]
[WhiteTeamCountry "GER"]
[BlackTeamCountry "GER"]

1. Nf3 e6 2. g3 d5 3. Bg2 Nf6 4. d3 c5 5. Nbd2 Nc6 6. 0-0 Be7 7. e4 0-0 8. e5 Nd7 9. Re1 b5 10. c3 a5 11. d4 Ba6 12. Nf1 b4 13. Ne3 Nb6 14. Bd2 Rc8 15. Bf1 Bxf1 16. Kxf1 Nc4 17. Nxc4 dxc4 18. Be3 cxd4 19. cxd4 Qd5 20. Ke2 Rfd8 21. Qc2 b3 22. Qb1 Nb4 23. axb3 cxb3 24. Bd2 Qc4+ 25. Kd1 Nc2 26. Bxa5 Qd3+ 27. Nd2 Rxd4 28. Re2 Nxa1 29. Qxd3 Rxd3 30. Bc3 Rcxc3 31. bxc3 b2 0-1

[Event "GER-ch U16 Girls"]
[Site "Willingen"]
[Date "2007.05.28"]
[Round "3"]
[White "Mijatovic, Andrea"]
[Black "Adermann, Mara"]
[Result "1-0"]
[WhiteElo "1826"]
[BlackElo "1443"]
[PlyCount "81"]
[EventDate "2007.05.26"]
[EventType "swiss"]
[EventRounds "9"]
[EventCountry "GER"]
[SourceTitle "CBM 118 Extra"]
[Source "ChessBase"]
[SourceDate "2007.07.04"]
[SourceVersion "1"]
[SourceVersionDate "2007.07.04"]
[SourceQuality "1"]

1. e4 c6 2. d4 d5 3. Nc3 dxe4 4. Nxe4 Nf6 5. Nxf6+ gxf6 6. Bc4 Bf5 7. Ne2 e6 8. Ng3 Bg6 9. c3 Nd7 10. 0-0 Bd6 11. Re1 Qe7 12. Qb3 0-0-0 13. a4 a6 14. Qa2 a5 15. Bd2 Kc7 16. d5 e5 17. dxc6 bxc6 18. Be2 Ra8 19. Bf3 Nb6 20. Rac1 Qe6 21. b3 Ra7 22. c4 c5 23. Bc3 Rb8 24. Qd2 h5 25. Bxa5 f5 26. Bc3 h4 27. Nf1 Nd7 28. Bd1 Rh8 29. Ne3 h3 30. g3 Kc8 31. Nd5 Bb8 32. b4 Qd6 33. b5 Bc7 34. Ra1 Nb6 35. Nxc7 Qxc7 36. Bb3 Qb7 37. f4 exf4 38. Bxh8 f6 39. Bxf6 Kb8 40. Re7 Qf3 41. Qd8+ 1-0

[Event "GER-chT U14 Girls"]
[Site "Burg Stargard"]
[Date "2006.12.28"]
[Round "3.1"]
[White "Adermann, Mara"]
[Black "Rusch, Julia"]
[Result "1-0"]
[WhiteElo "1156"]
[BlackElo "902"]
[PlyCount "85"]
[EventDate "2006.12.27"]
[EventType "team-swiss"]
[EventRounds "7"]
[EventCountry "GER"]
[SourceTitle "EXT 2008"]
[Source "ChessBase"]
[SourceDate "2007.11.25"]
[SourceVersion "1"]
[SourceVersionDate "2007.11.25"]
[SourceQuality "1"]
[WhiteTeam "Kahl am Main U14 Girls"]
[BlackTeam "Torgelow Droegeheide U14 Girls"]
[WhiteTeamCountry "GER"]
[BlackTeamCountry "GER"]

1. Nf3 d5 2. g3 Bf5 3. Bg2 Nc6 4. d4 f6 5. a3 Qd6 6. b4 e5 7. dxe5 fxe5 8. e3 h6 9. Nc3 0-0-0 10. Nh4 Nce7 11. Nxf5 Qc6 12. Nxe7+ Nxe7 13. Bb2 Qc4 14. Bf1 Qc6 15. b5 Qb6 16. Qd2 d4 17. Na4 Qf6 18. Bh3+ Kb8 19. 0-0 Ng6 20. exd4 e4 21. Qe3 Bd6 22. Qxe4 Rhe8 23. Qf5 Re7 24. Qxf6 gxf6 25. Nc5 Rde8 26. Nd7+ Rxd7 27. Bxd7 Re7 28. Rfe1 h5 29. Rxe7 Bxe7 30. Re1 h4 31. gxh4 c6 32. bxc6 bxc6 33. h5 Nh4 34. Rxe7 Nf3+ 35. Kg2 Nh4+ 36. Kg3 Kc7 37. Kxh4 Kd6 38. Rf7 f5 39. h6 a5 40. h7 a4 41. h8Q Kd5 42. Qe5+ Kc4 43. Qc5# 1-0